Largest Cities in Northern European Countries - Statistics

General Stats
  • This quiz has been taken 502 times
  • The average score is 26 of 70
Answer Stats
Rank City Population % Correct
United Kingdom 1 London 14,247,920
99%
United Kingdom 3 Manchester 2,970,037
97%
Norway 1 Oslo 1,000,467
97%
Ireland 1 Dublin 1,173,179
95%
Sweden 1 Stockholm 1,734,973
94%
Finland 1 Helsinki 1,268,296
93%
Denmark 1 Copenhagen 1,320,629
92%
United Kingdom 2 Birmingham 3,030,714
90%
United Kingdom 5 Liverpool 1,670,839
90%
Iceland 1 Reykjavík 128,793
87%
United Kingdom 6 Glasgow 1,670,000
85%
United Kingdom 4 Leeds 2,148,297
82%
Ireland 2 Cork 208,669
78%
Sweden 3 Malmö 317,245
76%
United Kingdom 9 Newcastle upon Tyne 1,350,928
73%
Norway 2 Bergen 255,464
72%
Sweden 2 Göteborg 642,202
68%
United Kingdom 7 Sheffield 1,510,038
68%
United Kingdom 8 Nottingham 1,368,549
57%
Denmark 2 Aarhus 277,086
56%
Norway 4 Trondheim 183,378
53%
Ireland 3 Limerick 94,192
52%
United Kingdom 10 Southampton - Portsmouth 1,148,332
51%
Ireland 4 Galway 79,934
49%
Finland 3 Turku 272.230
46%
Sweden 4 Uppsala 162,089
43%
Finland 4 Oulu 200.400
42%
Finland 2 Tampere 334,112
42%
Denmark 4 Aalborg 115,908
41%
Norway 3 Stavanger 222,697
40%
Denmark 3 Odense 179,601
39%
Ireland 5 Waterford 53,504
31%
Norway 8 Kristiansand 63,441
27%
Sweden 7 Linköping 116,368
27%
Sweden 10 Norrköping 96,946
26%
Sweden 9 Jönköping 98,919
24%
Sweden 8 Helsingborg 110.520
23%
Sweden 6 Örebro 124,027
22%
Denmark 5 Esbjerg 72,168
21%
Sweden 5 Västerås 126.190
21%
Iceland 4 Akureyri 18,925
19%
Norway 5 Drammen 117,51
18%
Finland 6 Lahti 119,068
18%
Finland 5 Jyväskylä 123,241
17%
Finland 10 Vaasa 67.690
15%
Norway 9 Ålesund 52,626
14%
Denmark 10 Roskilde 51,121
14%
Finland 7 Kuopio 88.520
12%
Finland 8 Pori 84.190
12%
Ireland 6 Drogheda 40,956
11%
Norway 6 Fredrikstad 112,464
11%
Ireland 8 Dundalk 39,004
10%
Denmark 8 Horsens 59,181
10%
Iceland 2 Kópavogur 36,975
10%
Denmark 6 Randers 62,586
10%
Norway 7 Skien 93,065
9%
Denmark 7 Kolding 60,854
8%
Denmark 9 Vejle 57,051
8%
Finland 9 Joensuu 67,811
7%
Iceland 3 Hafnarfjörður 29,799
6%
Ireland 9 Bray 32.600
4%
Ireland 10 Navan 30,173
4%
Ireland 7 Swords 39,248
4%
Norway 10 Tønsberg 51,887
3%
Iceland 9 Akranes 7,411
2%
Iceland 5 Reykjanesbær 18.920
2%
Iceland 6 Garðabær 16,299
1%
Iceland 7 Mosfellsbær 11,463
1%
Iceland 8 Árborg 9,485
0%
Iceland 10 Fjarðabyggð 5.070
0%
No matching quizzes found
Score Distribution
Percent of People with Each Score
Percentile by Number Answered
Your Score History
You have not taken this quiz